| 000 | 00613nam a22001937a 4500 | ||
|---|---|---|---|
| 005 | 20251108165258.0 | ||
| 008 | 250721s1995 xx 000 0 ara d | ||
| 082 | 1 | 4 | _a332.63/أحم |
| 100 | 1 | _aغنيم، أحمد | |
| 245 | 1 | 0 |
_aالإعتماد المستندي والتحصيل المستندي : _bأضواء على الجوانب النظرية والنواحي التطبيقية / |
| 250 | _aط4 | ||
| 264 | 1 |
_aالقاهرة : _c1995. |
|
| 300 | _a243ص | ||
| 650 | 1 | 7 | _aالإستثمارات |
| 650 | 1 | 7 | _aالسندات |
| 650 | 1 | 7 | _aالإعتمادات |
| 942 |
_2ddc _cBK |
||
| 999 |
_c23970 _d23970 |
||